书目信息 |
| 题名: |
行书书写门径
|
|
| 作者: | 闵祥德 | |
| 分册: | ||
| 出版信息: | 广东人民出版社 1986.12 |
|
| 页数: | 125页 | |
| 开本: | 32开 | |
| 丛书名: | ||
| 单 册: | ||
| 中图分类: | J292.35 | |
| 科图分类: | ||
| 主题词: | 书法--中国 , 篆刻--中国 | |
| 电子资源: | ||
| ISBN: | 962-277-006-1 | |
| 000 | 00545nam0 2200205 45 | |
| 001 | 0308271069 | |
| 005 | 20030827105628.8 | |
| 010 | @a962-277-006-1@dRMB7.20 | |
| 100 | @a20030827d1986 km y0chiy0120 ea | |
| 101 | @achi | |
| 105 | @a z 000yy | |
| 200 | 1 | @a行书书写门径@Axing shu shu xie men jing@f闵祥德@Fmin xiang de |
| 210 | @c广东人民出版社@d1986.12 | |
| 215 | @a125页@c无图表@d32开 | |
| 606 | 0 | @a书法@x中国 |
| 606 | 0 | @a篆刻@x中国 |
| 690 | @aJ292.35@v3 | |
| 701 | 0 | @a闵祥德 |
| 801 | @aCN@b@c20030827 | |
| 905 | @aBZT@dJ292.35@e105 | |
| 行书书写门径/闵祥德.-广东人民出版社,1986.12 |
| 125页:无图表;32开 |
| ISBN 962-277-006-1:RMB7.20 |
| ● |
| 相关链接 |
|
|
|
正题名:行书书写门径
索取号:J292.35/105
 
预约/预借
| 序号 | 登录号 | 条形码 | 馆藏地/架位号 | 状态 | 备注 |
| 1 | 82192 | 200067747 | 中心书库中库/ 中库018架B面6列4层68/ [索取号:J292.35/105] | 在馆 | |
| 2 | 82193 | 200067729 | 中心书库中库/ 中库018架B面6列4层66/ [索取号:J292.35/105] | 在馆 | |
| 3 | 82194 | 200067710 | 中心书库中库/ 中库018架B面6列4层67/ [索取号:J292.35/105] | 在馆 | |
| 4 | 82195 | 200067694 | 中心书库中库/ 中库018架B面6列4层65/ [索取号:J292.35/105] | 在馆 | |
| 5 | 82196 | 200067738 | 中心书库中库/ 中库018架B面6列4层69/ [索取号:J292.35/105] | 在馆 |